Können Sie alle Länder mit über 100 Millionen Einwohnern nennen? - Statistiken

Allgemein
  • Dieses Quiz wurde 1.114 mal gespielt
  • Das Durchschnittsergebnis liegt bei 11 aus 14
Antwortstatistiken
Bevölkerung Antworten % Korrekt
1,439,323,776 China
100%
331,002,651 United states of america
99%
1,380,004,385 Indien
98%
145,934,462 Russland
97%
212,559,417 Brasilien
94%
126,476,461 Japan
88%
128,932,753 Mexiko
85%
273,523,615 Indonesien
84%
206,139,589 Nigeria
77%
220,892,340 Pakistan
75%
102,334,404 Ägypten
70%
164,689,383 Bangladesch
67%
109,581,078 Philippinen
54%
114,963,588 Äthiopien
50%
Keine übereinstimmenden Quizze gefunden
Verteilung der Resultate
Anzahl Personen mit jedem Resultat
Perzentil nach korrekt beantworteten Fragen
Ihre Resultats-Entwicklung
Sie haben dieses Quiz noch nicht gespielt